| 000 | 00667aam a2200229 4500 | ||
|---|---|---|---|
| 005 | 20161012111449.0 | ||
| 008 | 150625b xxu||||| |||| 00| 0 spa d | ||
| 041 | _aEspañol | ||
| 082 | _a657 R763c | ||
| 100 |
_aRomero López, Alvaro Javier _95559 |
||
| 245 | _aContabilidad Avanzada I | ||
| 260 |
_aMéxico _bMcGraw-Hill _c2009 |
||
| 300 | _a336 páginas | ||
| 650 |
_aFLUJOS DE EFECTIVO _95507 |
||
| 650 |
_aCONTABILIDAD TOTAL _913180 |
||
| 650 |
_aEFECTOS DE LA INFLACIÓN _913181 |
||
| 650 |
_aCOSTO ACTUAL _913182 |
||
| 650 |
_aSEGMENTOS OPERATIVOS _913183 |
||
| 650 |
_aESTADOS FINANCIEROS _965 |
||
| 650 |
_aREGLAS DE REVELACIÓN _913184 |
||
| 942 | _cBK | ||
| 999 |
_c3093 _d3093 |
||